Limbus company sinners+staff easy mode - Statistics

General Stats
  • This quiz has been taken 449 times
  • The average score is 15 of 16
Answer Stats
Picture Answer % Correct
Dante
99%
Don Quixote
98%
Faust
98%
Gregor
98%
Heathcliff
98%
Hong Lu
98%
Ishmael
98%
Outis
98%
Sinclair
98%
Rodion
97%
Ryōshū
97%
Yi Sang
97%
Charon
95%
Vergilius
94%
Meursault
92%
Mephistopheles
85%
No matching quizzes found
Score Distribution
Percent of People with Each Score
Percentile by Number Answered
Your Score History
You have not taken this quiz